00871 2200181 4500245003400000020001800034250001100052700002900063100001400092650001600106005001900122260003700141041001400178084001000192300003000202500044800232336000900680 aWinnetou IIIcMay, KarlhText a979-97376-2-1 aCet. 3 aPrimardiana H. Wijayanti aMay, Karl aNovel Fiksi a20230926084435 aJakartabPustaka Primatamac2007 aIndonesia a808.8 axvi, 542 hlm. :c20.5 cm. aDengar baik-baik, Fred, selama pengembaraan saya selalu berusaha sedapat mungkin untuk tidak membunuh orang, karena darah manusia adalah sesuatu yang tak ternilai harganya. Saya lebih suka menanggung penderitaan daripada mengangkat senajata untuk membunuh. Dan itu hanya terjadi jika saya benar-benar berada dalam situasi paling kritis yang bisa merenggut nyawa aya. Lebih baik saya membuat lawan tak berdaya daripada harus mengambil nyawanya. atext